| 000 | 00464nam a22001577a 4500 | ||
|---|---|---|---|
| 008 | 160209b xxu||||| |||| 00| 0 eng d | ||
| 020 | _a8170126428 | ||
| 100 | _aMalik Surendra | ||
| 245 |
_aSupreme Court on Contract &Specific Relief _cSurendra Malik |
||
| 260 |
_aNew Delhi _bEastern Book Company _c2009 |
||
| 300 | _a691p. | ||
| 650 | _aContract | ||
| 650 | _aEquitable remedies | ||
| 700 | _aSudeep Malik | ||
| 942 |
_2lcc _cBK _hKNS 810 _k.M35 2009 C.1 |
||
| 999 |
_c15610 _d15610 |
||